Statistics for 1M City Larger than Capital to Country

Click here to take the quiz!

General Stats

  • This quiz has been taken 75 times
  • The average score is 21 of 24

Answer Stats

CITYCOUNTRY% Correct
SydneyAustralia
100%
São PauloBrazil
100%
TorontoCanada
100%
MilanItaly
100%
RotterdamNetherlands
100%
New YorkUnited States
100%
GuangzhouChina
99%
AucklandNew Zealand
97%
KarachiPakistan
97%
ZurichSwitzerland
97%
DubaiUnited Arab Emirates
97%
The RuhrGermany
96%
Tel Aviv-JaffaIsrael
96%
LagosNigeria
94%
Ho Chi Minh CityVietnam
94%
CasablancaMorocco
93%
Dar es SalaamTanzania
80%
YangonBurma
77%
KatowicePoland
76%
AbidjanCôte d'Ivoire
66%
GuayaquilEcuador
63%
Alma-AtaKazakhstan
52%
DoualaCameroon
49%
San Pedro SulaHonduras
45%

Score Distribution

Percentile by Number Answered

Percent of People with Each Score

Your Score History

You have not taken this quiz